00533cam a22001934a 45000010009000000050017000090080041000260100017000670200040000840400018001240410008001420420008001500800017001580820021001751000007001961010008002032450064002115040064002751284216920180228044613.0020703s2003 enka b 001 0 eng  a 2002010393 a0195131339 (hardcover : alk. paper) aDLCcDLCdDLC aeng apcc a305.231 bar00a305.231 bar2211 a49 apsi14aThe cultural nature of human development /cBarbara Rogoff. aIncludes bibliographical references (p. 371-411) and index.